Hazbin Hotel Character Quiz - Statistics

General Stats
  • This quiz has been taken 1,797 times
  • The average score is 12 of 15
Answer Stats
Hint Answer % Correct
Princess Of Hell Charli
99%
Radio Demon Alastor
96%
Her best friend Vaggie
96%
Spider Demon Angel Dust
94%
Small Cleaner Niffty
87%
Likes Bombs Cherri Bomb
85%
King Of Hell Lucifer
85%
Inventor Snake Sir Pentious
85%
TV Head Vox
84%
Moth Demon Valentino
78%
Cat Demon Husker
71%
Reporter At 666 News Katie Killjoy
67%
Male News Reporter Tom Trench
60%
Artificial Minions Egg Bois
58%
Angler Fish Scientist Baxter
40%
No matching quizzes found
Score Distribution
Percent of People with Each Score
Percentile by Number Answered
Your Score History
You have not taken this quiz